Marketing strediska cestovného ruchu Čachtice diplomová práca

Enregistré dans:
Détails bibliographiques
Auteur principal: Urbanová, Martina
Collectivité auteur: Obchodná fakulta EU. Katedra tovaroznalectva a kvality tovaru
Autres auteurs: Karkalíková, Marta
Format: Livre
Langue:slovaque
Publié: Bratislava 2009
Tags: Ajouter un tag
Pas de tags, Soyez le premier à ajouter un tag!

MARC

LEADER 00000nam$a2200000$$$4500
001 0097483
005 20240319125429.6
041 0 |a slo 
044 |a SK 
245 1 0 |a Marketing strediska cestovného ruchu Čachtice  |b diplomová práca  |c Martina Urbanová ; škol. Marta Karkalíková 
264 1 |a Bratislava  |c 2009 
300 |a 101 s. 
100 1 |a Urbanová, Martina 
700 1 |a Karkalíková, Marta 
710 2 |a Obchodná fakulta EU. Katedra tovaroznalectva a kvality tovaru